[Event "Tbilisi Municipality Cup 2010"]
[Site "?"]
[Date "2010.05.20"]
[Round "6.26"]
[White "Morchiashvili, Bachana"]
[Black "Bokuchava, Madona"]
[Result "1-0"]
[WhiteElo "2370"]
[BlackElo "2108"]
[PlyCount "57"]
[EventDate "2010.??.??"]
[SourceDate "2010.05.20"]

1. d4 Nf6 2. c4 e6 3. Nf3 b6 4. Nc3 Bb7 5. e3 d5 6. Bd3 Bd6 7. O-O Nbd7 8. cxd5
exd5 9. Qc2 O-O 10. Nb5 Ba6 11. Nxd6 Bxd3 12. Qxd3 cxd6 13. b3 Rc8 14. Ba3 Ne4
15. Rac1 Qe7 16. Qa6 Nc3 17. Rc2 Nb8 18. Qd3 Ne4 19. Rfc1 Rcd8 20. Qb5 Nf6 21.
Qa4 a5 22. Qb5 Qa7 23. h3 Rd7 24. Rc8 Rfd8 25. Ne5 dxe5 26. Be7 Re8 27. Bxf6
gxf6 28. Rxe8+ Kg7 29. Rxb8 1-0

[Event "Tbilisi Municipality Cup 2010"]
[Site "?"]
[Date "2010.05.20"]
[Round "6.27"]
[White "Gvetadze, Sopio"]
[Black "Sichinava, Davit"]
[Result "1-0"]
[WhiteElo "2363"]
[BlackElo "2068"]
[PlyCount "95"]
[EventDate "2010.??.??"]
[SourceDate "2010.05.20"]

1. e4 c5 2. Nf3 d6 3. d4 cxd4 4. Nxd4 Nf6 5. Nc3 Nc6 6. Bg5 e6 7. Qd2 Be7 8.
O-O-O a6 9. f4 Qc7 10. Kb1 Bd7 11. Nb3 b5 12. e5 dxe5 13. fxe5 Nxe5 14. Bf4 b4
15. Qe2 bxc3 16. Bxe5 Qb6 17. Bxc3 Bb5 18. Qf3 O-O 19. Bd3 Bxd3 20. Rxd3 Nd5
21. Bd4 Qc7 22. Nd2 Rac8 23. c4 Nb4 24. Rb3 e5 25. Bc3 Nc6 26. Re1 Rfd8 27. Qe4
Bf6 28. g4 h6 29. a3 Rb8 30. Rxb8 Rxb8 31. Nf3 Re8 32. h4 g6 33. g5 hxg5 34.
hxg5 Bg7 35. Nh2 Qd7 36. Ng4 Re6 37. Ka2 Qe7 38. Qe3 Nd4 39. Rh1 Qb7 40. Rc1
Qb3+ 41. Kb1 Qb8 42. Rh1 Qb7 43. Qh3 Qe4+ 44. Ka2 Nc2 45. b3 Qe2 46. Bb2 a5 47.
Rh2 Qe4 48. Nf6+ 1-0

[Event "Tbilisi Municipality Cup 2010"]
[Site "?"]
[Date "2010.05.20"]
[Round "6.28"]
[White "Shlamberidze, Akaki"]
[Black "Ter-Karapetian, Armen"]
[Result "0-1"]
[WhiteElo "2359"]
[BlackElo "2093"]
[PlyCount "76"]
[EventDate "2010.??.??"]
[SourceDate "2010.05.20"]

1. Nf3 Nf6 2. c4 c6 3. b3 d5 4. Bb2 g6 5. e3 Bg7 6. Be2 O-O 7. O-O Bg4 8. h3
Bxf3 9. Bxf3 Re8 10. d4 Nbd7 11. Nc3 Qa5 12. a3 dxc4 13. bxc4 e5 14. Qc2 Nb6
15. Be2 exd4 16. exd4 Rad8 17. Rad1 Qf5 18. Qb3 Nh5 19. c5 Nd5 20. Bg4 Qg5 21.
Qxb7 Nhf4 22. g3 h5 23. Nxd5 Qxd5 24. gxf4 hxg4 25. Qa6 gxh3 26. f3 Re3 27. Rf2
Rxf3 28. Qf1 Rb3 29. Kh2 Rdb8 30. Rdd2 Bh6 31. Qe2 Qf5 32. Qe5 Qg4 33. d5 Qg3+
34. Kh1 Kh7 35. dxc6 Re3 36. c7 Re8 37. Rde2 Rxe2 38. Rxe2 Rxe5 0-1

[Event "Tbilisi Municipality Cup 2010"]
[Site "?"]
[Date "2010.05.20"]
[Round "6.29"]
[White "Javakhadze, Zurab"]
[Black "Meskhi, Teona"]
[Result "1-0"]
[WhiteElo "2335"]
[BlackElo "2073"]
[PlyCount "95"]
[EventDate "2010.??.??"]
[SourceDate "2010.05.20"]

1. d4 d5 2. Nf3 Nf6 3. c4 e6 4. g3 c6 5. Qc2 Nbd7 6. Nbd2 Bd6 7. Bg2 e5 8. cxd5
cxd5 9. dxe5 Nxe5 10. Nxe5 Bxe5 11. Nf3 Bc7 12. O-O O-O 13. Be3 Be6 14. Bd4 Rc8
15. Qb3 b6 16. Rac1 Bd6 17. Ne5 Ne4 18. Qa4 Nc5 19. Qd1 a5 20. b3 Re8 21. Nf3
Ne4 22. Rxc8 Bxc8 23. Qa1 f6 24. Rd1 Bc5 25. e3 Bb7 26. Ne1 Qe7 27. Nd3 Rc8 28.
Bh3 Rc7 29. Bxc5 bxc5 30. Nf4 d4 31. exd4 Ng5 32. d5 Nxh3+ 33. Nxh3 Qe4 34. Nf4
Re7 35. Qc3 g5 36. Nh5 Qe2 37. Nxf6+ Kf7 38. Rc1 Re5 39. Qxc5 Kxf6 40. Qb6+ Kf7
41. Qxb7+ Re7 42. Qc6 Qf3 43. Qc4 Kg6 44. d6 Re2 45. Qd4 Re4 46. Qc3 Qf5 47.
Rd1 Qd7 48. Qd3 1-0

[Event "Tbilisi Municipality Cup 2010"]
[Site "?"]
[Date "2010.05.20"]
[Round "6.30"]
[White "Tsiramua, Nodar"]
[Black "Purtseladze, Maka"]
[Result "0-1"]
[WhiteElo "2083"]
[BlackElo "2317"]
[PlyCount "88"]
[EventDate "2010.??.??"]
[SourceDate "2010.05.20"]

1. c4 e6 2. Nf3 Nf6 3. b3 d5 4. Bb2 c5 5. e3 Nc6 6. Be2 d4 7. exd4 cxd4 8. d3
Bb4+ 9. Nbd2 a5 10. a3 Bc5 11. O-O O-O 12. Ne1 e5 13. Bf3 Bf5 14. h3 Bg6 15. g3
Re8 16. Ne4 Nd7 17. g4 Be7 18. Ng3 Nc5 19. Bc1 Bg5 20. Bxg5 Qxg5 21. Ne4 Bxe4
22. Bxe4 Nxe4 23. dxe4 Nd8 24. Nd3 Ra6 25. f4 exf4 26. Rxf4 Ne6 27. Rf3 Qh6 28.
Nf2 Ng5 29. Rd3 Nxe4 30. Nxe4 Rxe4 31. Qf3 Qe6 32. Rf1 f6 33. Qf5 a4 34. bxa4
Qxf5 35. Rxf5 Rxa4 36. Rb5 Rxc4 37. Rxb7 Re2 38. Kf1 Ra2 39. Rb1 Kf7 40. Rbd1
Rc3 41. h4 Kg6 42. R1d2 Rxd2 43. Rxd2 d3 44. Ra2 Rc1+ 0-1

[Event "Tbilisi MunicipalityCup 2010"]
[Site "?"]
[Date "2010.05.21"]
[Round "7.2"]
[White "Paichadze, Luka"]
[Black "Pantsulaia, Levan"]
[Result "1/2-1/2"]
[WhiteElo "2452"]
[BlackElo "2587"]
[PlyCount "25"]
[EventDate "2010.??.??"]
[SourceDate "2010.05.20"]

1. e4 c5 2. b3 g6 3. Bb2 Nf6 4. Qf3 d6 5. Bb5+ Nbd7 6. Bxf6 exf6 7. Qd3 a6 8.
Bxd7+ Bxd7 9. Nc3 Be6 10. Nge2 Bg7 11. O-O O-O 12. Nf4 f5 13. Rae1 1/2-1/2

[Event "Tbilisi Municioality Cup 2010"]
[Site "?"]
[Date "2010.05.21"]
[Round "7.3"]
[White "Batsiashvili, Nino"]
[Black "Sanikidze, Tornike"]
[Result "1/2-1/2"]
[WhiteElo "2325"]
[BlackElo "2569"]
[PlyCount "48"]
[EventDate "2010.??.??"]
[SourceDate "2010.05.20"]

1. d4 d6 2. e4 g6 3. Nc3 Bg7 4. f4 Nf6 5. Nf3 O-O 6. Be2 c5 7. d5 Na6 8. O-O
Nc7 9. a4 Rb8 10. Bc4 a6 11. e5 Nd7 12. Qe2 Nb6 13. Ba2 Bg4 14. h3 Bxf3 15.
Rxf3 dxe5 16. fxe5 Nbxd5 17. Nxd5 Nxd5 18. Rd3 c4 19. Bxc4 Qb6+ 20. Kh1 Nc7 21.
Bg5 Qxb2 22. Rf1 b5 23. axb5 axb5 24. Bb3 e6 1/2-1/2

[Event "Tbilisi Municioality Cup 2010"]
[Site "?"]
[Date "2010.05.21"]
[Round "7.4"]
[White "Kotanjian, Tigran"]
[Black "Jojua, Davit"]
[Result "1-0"]
[WhiteElo "2522"]
[BlackElo "2537"]
[PlyCount "67"]
[EventDate "2010.??.??"]
[SourceDate "2010.05.20"]

1. d4 Nf6 2. c4 g6 3. Nc3 Bg7 4. e4 d6 5. Nf3 O-O 6. Be2 e5 7. O-O Nc6 8. d5
Ne7 9. Ne1 Nd7 10. Nd3 f5 11. f3 f4 12. Bd2 h5 13. b4 g5 14. h3 Nf6 15. Nf2 Kh8
16. c5 Neg8 17. Rc1 Nh6 18. cxd6 cxd6 19. Nb5 Ne8 20. a4 Rg8 21. Qb3 Bf8 22.
Rc2 Bd7 23. Rfc1 Rg7 24. a5 g4 25. fxg4 hxg4 26. hxg4 Nxg4 27. Nxg4 Rxg4 28.
Bxg4 Bxg4 29. Nc7 Nxc7 30. Rxc7 Qf6 31. Rxb7 Be7 32. Rcc7 f3 33. Qe3 Rf8 34.
Rxe7 1-0

[Event "Tbilisi Municioality Cup 2010"]
[Site "?"]
[Date "2010.05.21"]
[Round "7.6"]
[White "Supatashvili, Khvicha"]
[Black "Mchedlishvili, Mikheil"]
[Result "0-1"]
[WhiteElo "2461"]
[BlackElo "2630"]
[PlyCount "62"]
[EventDate "2010.??.??"]
[SourceDate "2010.05.20"]

1. Nf3 Nf6 2. c4 g6 3. g3 Bg7 4. Bg2 O-O 5. O-O d6 6. d4 Nc6 7. Nc3 Bf5 8. Ne1
Na5 9. e4 Bg4 10. f3 Bd7 11. b3 c5 12. Nc2 e5 13. dxe5 dxe5 14. Ne3 Nc6 15.
Ned5 Nd4 16. Be3 Nxd5 17. exd5 f5 18. Qd2 Qf6 19. Bg5 Qd6 20. Bh6 Bxh6 21. Qxh6
b5 22. Rf2 b4 23. Ne2 f4 24. gxf4 exf4 25. Nxd4 cxd4 26. Rd2 Rae8 27. Qh4 Re3
28. Rxd4 Qe5 29. Rad1 Re2 30. Kf1 g5 31. Qh5 Qe3 0-1

[Event "Tbilisi Municioality Cup 2010"]
[Site "?"]
[Date "2010.05.21"]
[Round "7.7"]
[White "Gelashvili, Tamaz"]
[Black "Bagaturov, Giorgi"]
[Result "1-0"]
[WhiteElo "2614"]
[BlackElo "2453"]
[PlyCount "113"]
[EventDate "2010.??.??"]
[SourceDate "2010.05.20"]

1. d4 Nf6 2. Nf3 d5 3. c4 e6 4. g3 Bb4+ 5. Bd2 Be7 6. Bg2 O-O 7. O-O c6 8. Nc3
b6 9. Bf4 Bb7 10. Rc1 dxc4 11. Ne5 Nd5 12. Nxc4 Nxf4 13. gxf4 Nd7 14. e3 Rb8
15. Ne5 Nxe5 16. fxe5 c5 17. d5 exd5 18. Bxd5 Bxd5 19. Nxd5 Re8 20. f4 Bf8 21.
Qf3 Kh8 22. Kh1 Re6 23. Rg1 g6 24. Rcd1 Bg7 25. Rg2 Qf8 26. Rgd2 Rc8 27. Qh3 c4
28. Nc3 Rce8 29. Nb5 Qc5 30. Nd6 Qc6+ 31. Qg2 Qxg2+ 32. Kxg2 Rf8 33. Nxc4 f6
34. Rd8 Kg8 35. Rxf8+ Kxf8 36. exf6 Bxf6 37. a4 a6 38. Rd5 Ke7 39. Kf3 Rc6 40.
b3 Bc3 41. e4 Bb4 42. e5 Ke6 43. Ke4 Be7 44. h3 h6 45. Rd2 b5 46. axb5 axb5 47.
Ne3 Rc3 48. Rc2 Rxb3 49. Rc6+ Kf7 50. Nd5 Bh4 51. e6+ Kf8 52. Rc8+ Kg7 53. Rc7+
Kg8 54. Ke5 Kf8 55. e7+ Kf7 56. Rc8 Bxe7 57. Rc7 1-0

[Event "Tbilisi Municioality Cup 2010"]
[Site "?"]
[Date "2010.05.21"]
[Round "7.8"]
[White "Shanava, Konstantine"]
[Black "Azaladze, Shota"]
[Result "0-1"]
[WhiteElo "2557"]
[BlackElo "2432"]
[PlyCount "60"]
[EventDate "2010.??.??"]
[SourceDate "2010.05.20"]

1. e4 g6 2. d4 Bg7 3. Nc3 c6 4. Be3 Qb6 5. Rb1 Nf6 6. h3 O-O 7. Bd3 Qa5 8. b4
Qc7 9. f4 a5 10. b5 d6 11. Nf3 Nbd7 12. O-O e5 13. b6 Qd8 14. dxe5 dxe5 15. f5
gxf5 16. Nh4 f4 17. Bf2 Re8 18. Nf5 Nf8 19. Nxg7 Kxg7 20. Kh2 Ng6 21. Qf3 h5
22. g3 Ng4+ 23. hxg4 hxg4 24. Qd1 Rh8+ 25. Kg1 Qg5 26. Bc5 fxg3 27. Bc4 Rh1+
28. Kg2 Rh2+ 29. Kg1 Qh4 30. Rxf7+ Kh8 0-1

[Event "Tbilisi Municioality Cup 2010"]
[Site "?"]
[Date "2010.05.21"]
[Round "7.9"]
[White "Sulashvili, Malkhaz"]
[Black "Zarkua, Davit"]
[Result "1/2-1/2"]
[WhiteElo "2497"]
[BlackElo "2362"]
[PlyCount "85"]
[EventDate "2010.??.??"]
[SourceDate "2010.05.20"]

1. Nf3 Nf6 2. c4 c5 3. g3 b6 4. Bg2 Bb7 5. O-O e6 6. b3 Be7 7. Bb2 O-O 8. Nc3
Nc6 9. e3 d5 10. cxd5 exd5 11. d4 Re8 12. Rc1 Bf8 13. Re1 Rb8 14. dxc5 bxc5 15.
Na4 Ne4 16. Ba3 Qa5 17. Qc2 Nb4 18. Bxb4 Qxb4 19. Red1 a5 20. Ne1 Qa3 21. Nd3
c4 22. Nf4 Rbc8 23. Bxe4 Rxe4 24. Nc3 cxb3 25. axb3 d4 26. Rxd4 Rxd4 27. exd4
Bb4 28. Nfe2 Ba6 29. Qd1 Re8 30. Rb1 Bxe2 31. Nxe2 Qa2 32. Nf4 Re1+ 33. Qxe1
Bxe1 34. Rxe1 g6 35. d5 Qd2 36. Re8+ Kg7 37. h4 h6 38. Re5 Kf6 39. Re3 g5 40.
hxg5+ hxg5 41. Ne2 Qxd5 42. g4 Kg6 43. Kh2 1/2-1/2

[Event "Tbilisi Municioality Cup 2010"]
[Site "?"]
[Date "2010.05.21"]
[Round "7.10"]
[White "Khukhashvili, Sopiko"]
[Black "Nigalidze, Gaioz"]
[Result "1-0"]
[WhiteElo "2421"]
[BlackElo "2489"]
[PlyCount "115"]
[EventDate "2010.??.??"]
[SourceDate "2010.05.20"]

1. e4 c5 2. Nf3 Nc6 3. d4 cxd4 4. Nxd4 Nf6 5. Nc3 e5 6. Ndb5 d6 7. Bg5 a6 8.
Na3 b5 9. Nd5 Be7 10. Bxf6 Bxf6 11. c3 Ne7 12. Nxf6+ gxf6 13. Nc2 Bb7 14. Bd3
d5 15. exd5 Qxd5 16. Ne3 Qe6 17. a4 Rd8 18. Qc2 e4 19. Be2 f5 20. axb5 f4 21.
Bc4 Qc8 22. Qb3 O-O 23. Nc2 Qg4 24. bxa6 Qxg2 25. Rf1 Ba8 26. Nd4 Qg4 27. h3
Qh5 28. Rg1+ Ng6 29. Qb5 Qxh3 30. Qf5 Qh6 31. Qf6 Qg7 32. Qxg7+ Kxg7 33. O-O-O
Kf6 34. Rh1 Ne5 35. Bb5 Ng4 36. Rh4 Kg5 37. Rxh7 Nxf2 38. Rg1+ Kf6 39. Rh6+ Ke5
40. Rg5+ f5 41. Re6+ Kd5 42. b3 Rc8 43. Kc2 Ng4 44. Rgg6 f3 45. Rg7 Rfd8 46.
Rge7 Ne3+ 47. Kd2 Rxc3 48. Kxc3 Rc8+ 49. Nc6 Kc5 50. Na7 Nd5+ 51. Kd2 Nxe7 52.
Nxc8 Nxc8 53. Bd7 Nb6 54. b4+ Kd4 55. Rxb6 e3+ 56. Ke1 f2+ 57. Kf1 Be4 58. Rb5
1-0

[Event "Tbilisi Municioality Cup 2010"]
[Site "?"]
[Date "2010.05.21"]
[Round "7.12"]
[White "Melia, Salome"]
[Black "Umudova, Nargiz"]
[Result "1-0"]
[WhiteElo "2466"]
[BlackElo "2211"]
[PlyCount "119"]
[EventDate "2010.??.??"]
[SourceDate "2010.05.20"]

1. e4 c5 2. Nf3 g6 3. c3 Bg7 4. d4 cxd4 5. cxd4 d5 6. e5 Bg4 7. Bb5+ Nc6 8.
Bxc6+ bxc6 9. Nbd2 e6 10. O-O Ne7 11. h3 Bxf3 12. Nxf3 O-O 13. Qa4 Qb6 14. Bg5
Rfe8 15. Rfc1 Rac8 16. Rc2 h6 17. Bf6 Bf8 18. Rac1 Qb5 19. Qa3 Rc7 20. g4 Kh7
21. Qe3 Ng8 22. Bh4 Rec8 23. Kg2 c5 24. Qd2 Qb6 25. dxc5 Rxc5 26. Rxc5 Rxc5 27.
Rxc5 Bxc5 28. a3 a5 29. Ne1 Bf8 30. f3 Bc5 31. Nd3 Be3 32. Qc3 Kg7 33. Kf1 g5
34. Be1 a4 35. Ke2 Bg1 36. Bd2 Ne7 37. Qb4 Nc6 38. Qxb6 Bxb6 39. Be3 Bc7 40.
Nc5 Bxe5 41. Nxa4 Kf8 42. b4 Ke7 43. Nc5 Bb2 44. b5 Na5 45. a4 Kd6 46. Nd3 Bc3
47. Bc5+ Kc7 48. Bf8 Nb3 49. Bxh6 Bf6 50. f4 gxf4 51. Bxf4+ Kb6 52. Be3+ Ka5
53. b6 Ka6 54. g5 Bc3 55. Nc5+ Nxc5 56. Bxc5 Be5 57. h4 Bh8 58. h5 e5 59. h6
Kb7 60. Bf8 1-0

[Event "Tbilisi Municioality Cup 2010"]
[Site "?"]
[Date "2010.05.21"]
[Round "7.14"]
[White "Nikoladze, Sopio"]
[Black "Muzychuk, Anna"]
[Result "1-0"]
[WhiteElo "2214"]
[BlackElo "2529"]
[PlyCount "109"]
[EventDate "2010.??.??"]
[SourceDate "2010.05.20"]

1. d4 f5 2. Nc3 g6 3. e4 fxe4 4. Nxe4 d5 5. Ng3 Bg7 6. Bd3 Nc6 7. c3 e5 8. dxe5
Nxe5 9. Bc2 Bg4 10. f3 Be6 11. Bf4 Nc4 12. Qe2 Kf7 13. h4 Nxb2 14. Be5 Bxe5 15.
Qxe5 Qf6 16. Qxf6+ Nxf6 17. Rb1 Nc4 18. Rxb7 Rhc8 19. N1e2 Nb6 20. Nd4 Bd7 21.
h5 Kg7 22. hxg6 hxg6 23. Nge2 c5 24. Ne6+ Kf7 25. Ng5+ Ke7 26. Rh6 Rg8 27. Bxg6
Rg7 28. Nf4 Kd6 29. Nf7+ Kc6 30. Rxb6+ axb6 31. Bh5 Rxa2 32. Rxf6+ Kb5 33. Bg6
Kc4 34. Rxb6 Ba4 35. g4 Kxc3 36. Nxd5+ Kd4 37. Ne7 c4 38. Rd6+ Kc5 39. Rd8 Bb3
40. Rc8+ Kb4 41. Nd5+ Ka3 42. Ne5 Rb7 43. Be4 Rb5 44. f4 Rh2 45. g5 c3 46. Nxc3
Ra5 47. Ne2 Ra4 48. Bf3 Rb4 49. g6 Be6 50. Ra8+ Ra4 51. Re8 Ba2 52. g7 Ra7 53.
g8=Q Bxg8 54. Rxg8 Re7 55. Kd2 1-0

[Event "Tbilisi Municioality Cup 2010"]
[Site "?"]
[Date "2010.05.21"]
[Round "7.15"]
[White "Nikolashvili, Giorgi"]
[Black "Khurtsidze, Nino"]
[Result "0-1"]
[WhiteElo "2310"]
[BlackElo "2448"]
[PlyCount "48"]
[EventDate "2010.??.??"]
[SourceDate "2010.05.20"]

1. d4 g6 2. e4 Bg7 3. Nc3 d6 4. Be3 Nd7 5. g3 e6 6. Bg2 Ne7 7. Nge2 b6 8. O-O
Bb7 9. Qd2 h6 10. a4 a6 11. Rad1 d5 12. Rfe1 Nf6 13. f3 dxe4 14. fxe4 Ng4 15.
Kh1 e5 16. d5 h5 17. Bg1 Nc8 18. h3 Nd6 19. Qd3 Qg5 20. a5 b5 21. b3 h4 22. Nb1
hxg3 23. Qxg3 f5 24. Bh2 Nxe4 0-1

[Event "Tbilisi Municioality Cup 2010"]
[Site "?"]
[Date "2010.05.21"]
[Round "7.16"]
[White "Shavtvaladze, Nikoloz"]
[Black "Arabidze, Meri"]
[Result "1-0"]
[WhiteElo "2437"]
[BlackElo "2298"]
[PlyCount "105"]
[EventDate "2010.??.??"]
[SourceDate "2010.05.20"]

1. d4 Nf6 2. Nf3 e6 3. c4 b6 4. g3 Ba6 5. Qc2 Bb7 6. Bg2 Bb4+ 7. Bd2 Bxd2+ 8.
Nbxd2 c5 9. e4 cxd4 10. e5 Ng8 11. Ne4 Bxe4 12. Qxe4 Nc6 13. Nxd4 Nxd4 14. Qxd4
Rc8 15. O-O f6 16. Rad1 fxe5 17. Qxe5 Nf6 18. b3 O-O 19. h3 Qe7 20. Qd6 Qxd6
21. Rxd6 Kf7 22. f4 Ke7 23. Rd2 g6 24. g4 Rc5 25. Kh2 Rfc8 26. Rfd1 R8c7 27.
Rd4 b5 28. cxb5 Rxb5 29. R1d2 g5 30. fxg5 Rxg5 31. Rf2 e5 32. Rd1 e4 33. b4 d5
34. b5 Rd7 35. Re2 Re5 36. Kg3 Rc7 37. Kf4 Ke6 38. Rd4 Rc3 39. Ra4 Nd7 40. Ra6+
Ke7 41. Rxa7 Re6 42. g5 Rc4 43. h4 e3+ 44. Kg3 d4 45. Bd5 Rb4 46. Bxe6 Kxe6 47.
a3 Rxb5 48. Kf4 Ne5 49. Ra8 Kd5 50. Rd8+ Kc4 51. Ke4 Kc3 52. Rxd4 Nc4 53. Rd3#
1-0

[Event "Tbilisi Municioality Cup 2010"]
[Site "?"]
[Date "2010.05.21"]
[Round "7.17"]
[White "Danelia, Mariam"]
[Black "Gaprindashvili, Valeriane"]
[Result "0-1"]
[WhiteElo "2203"]
[BlackElo "2415"]
[PlyCount "72"]
[EventDate "2010.??.??"]
[SourceDate "2010.05.20"]

1. d4 e6 2. c4 d5 3. Nf3 Nf6 4. Nc3 Bb4 5. cxd5 exd5 6. Bg5 h6 7. Bh4 g5 8. Bg3
Ne4 9. Nd2 Nxg3 10. hxg3 c5 11. a3 Bxc3 12. bxc3 cxd4 13. cxd4 Nc6 14. e3 Kf8
15. g4 Be6 16. Be2 Rc8 17. O-O Kg7 18. Nb3 b6 19. Bf3 Qd7 20. Be2 h5 21. gxh5
g4 22. f3 Rxh5 23. fxg4 Rh7 24. Kf2 Rch8 25. Ke1 Qd6 26. Kd2 Rh2 27. Bf3 a5 28.
Nc1 a4 29. Nd3 Na5 30. Nf4 Nb3+ 31. Ke2 Bd7 32. Kf2 Bb5 33. Re1 Qf6 34. Ne2
R8h3 35. Kg1 Rh1+ 36. Kf2 Rxf3+ 0-1

[Event "Tbilisi Municioality Cup 2010"]
[Site "?"]
[Date "2010.05.21"]
[Round "7.18"]
[White "Khotenashvili, Bela"]
[Black "Guramishvili, Sopiko"]
[Result "1-0"]
[WhiteElo "2410"]
[BlackElo "2289"]
[PlyCount "81"]
[EventDate "2010.??.??"]
[SourceDate "2010.05.20"]

1. d4 d5 2. c4 c6 3. e3 Bf5 4. Qb3 Qc7 5. cxd5 cxd5 6. Nc3 e6 7. Bd2 a6 8. Rc1
Nc6 9. Nf3 Bd6 10. Nh4 Bg6 11. Nxg6 hxg6 12. e4 Bf4 13. Bxf4 Qxf4 14. Rd1 Nge7
15. Be2 dxe4 16. Qxb7 O-O 17. g3 Qf5 18. Qb3 e3 19. O-O exf2+ 20. Rxf2 Qa5 21.
Bc4 Qc7 22. d5 Na5 23. d6 Qc5 24. Ne4 Nxb3 25. Nxc5 Nxc5 26. dxe7 Rfe8 27. b4
Ne4 28. Rf4 Nf6 29. Rd8 Nd5 30. Rxd5 exd5 31. Bxd5 g5 32. Bxf7+ Kh7 33. Re4 g6
34. a4 Kg7 35. Bxe8 Rxe8 36. b5 axb5 37. axb5 Kf7 38. b6 Kf6 39. b7 Kf7 40. Rc4
Rb8 41. Rc8 1-0

[Event "Tbilisi Municioality Cup 2010"]
[Site "?"]
[Date "2010.05.21"]
[Round "7.19"]
[White "Zaslavsky, Mikhail"]
[Black "Manashvili, Aleko"]
[Result "1/2-1/2"]
[WhiteElo "2397"]
[BlackElo "2215"]
[PlyCount "37"]
[EventDate "2010.??.??"]
[SourceDate "2010.05.20"]

1. e4 c5 2. Nf3 Nc6 3. d4 cxd4 4. Nxd4 Nf6 5. Nc3 e5 6. Ndb5 d6 7. Bg5 a6 8.
Na3 Be6 9. Nc4 Rc8 10. Ne3 Be7 11. Bd3 Nxe4 12. Nxe4 Bxg5 13. Bc4 O-O 14. Bxe6
fxe6 15. Nxg5 Qxg5 16. Qxd6 Nd4 17. O-O Nxc2 18. Qxe6+ Kh8 19. Nxc2 1/2-1/2

[Event "Tbilisi Municioality Cup 2010"]
[Site "?"]
[Date "2010.05.21"]
[Round "7.20"]
[White "Gamzardia, Giorgi"]
[Black "Tabatadze, Tamaz"]
[Result "1-0"]
[WhiteElo "2183"]
[BlackElo "2390"]
[PlyCount "84"]
[EventDate "2010.??.??"]
[SourceDate "2010.05.20"]

1. Nf3 f5 2. b3 d6 3. d4 Nf6 4. Bb2 g6 5. g3 Bg7 6. Bg2 O-O 7. O-O Qe8 8. c4 h6
9. d5 c5 10. dxc6 bxc6 11. Nc3 Na6 12. Qd2 Bd7 13. Rad1 Nc5 14. b4 Nce4 15.
Nxe4 Nxe4 16. Qc1 Bxb2 17. Qxb2 a5 18. Nd2 axb4 19. Nxe4 fxe4 20. Bxe4 Bh3 21.
Bg2 Bxg2 22. Kxg2 c5 23. e4 Ra3 24. e5 Qa8+ 25. Kg1 Rxa2 26. Qb1 Kh7 27. exd6
exd6 28. Rxd6 Rg8 29. h4 Ra6 30. Rd5 Qf8 31. Qe4 Rg7 32. Qe3 Rc6 33. h5 gxh5
34. Rfd1 Qf7 35. Rd6 Rxd6 36. Rxd6 Kg8 37. Qxh6 Qe7 38. Re6 Qd7 39. Re3 b3 40.
Qxh5 Re7 41. Rxb3 Re1+ 42. Kh2 Qf7 1-0

[Event "Tbilisi Municioality Cup 2010"]
[Site "?"]
[Date "2010.05.21"]
[Round "7.21"]
[White "Ter-Karapetian, Armen"]
[Black "Morchiashvili, Bachana"]
[Result "1/2-1/2"]
[WhiteElo "2093"]
[BlackElo "2370"]
[PlyCount "98"]
[EventDate "2010.??.??"]
[SourceDate "2010.05.20"]

1. e4 c5 2. Nf3 e6 3. d4 cxd4 4. Nxd4 a6 5. Bd3 Qb6 6. Nb3 Qc7 7. O-O d6 8. Nc3
b5 9. a3 Bb7 10. f4 Nd7 11. Be3 Ngf6 12. Qe2 Be7 13. Rad1 O-O 14. g4 d5 15. Bd4
dxe4 16. Nxe4 Nxe4 17. Bxe4 Bxe4 18. Qxe4 Nf6 19. Bxf6 Bxf6 20. c3 g6 21. Rf3
Rab8 22. Rfd3 a5 23. Rd7 Qb6+ 24. Kg2 b4 25. R1d6 bxa3 26. Rxb6 Rxb6 27. Rb7
Rb8 28. Rxb6 Rxb6 29. g5 Be7 30. Nxa5 axb2 31. Qb1 h6 32. h4 hxg5 33. hxg5 Bf8
34. Nc4 Rb8 35. Kf3 Bg7 36. Ne5 Bxe5 37. fxe5 Rb3 38. Ke4 Rxc3 39. Qxb2 Rc4+
40. Kf3 Rc5 41. Ke4 Rc4+ 42. Kd3 Rc5 43. Qb4 Rd5+ 44. Kc4 Kg7 45. Qb7 Rd1 46.
Kc5 Rd3 47. Qe4 Rd1 48. Kc6 Rd2 49. Qf3 Rd4 1/2-1/2

[Event "Tbilisi Municioality Cup 2010"]
[Site "?"]
[Date "2010.05.21"]
[Round "7.22"]
[White "Eranyan, Khachatur"]
[Black "Gvetadze, Sopio"]
[Result "0-1"]
[WhiteElo "2055"]
[BlackElo "2363"]
[PlyCount "74"]
[EventDate "2010.??.??"]
[SourceDate "2010.05.20"]

1. d4 Nf6 2. c4 e6 3. Nf3 d5 4. Nc3 Bb4 5. Bg5 O-O 6. e3 c5 7. Bd3 dxc4 8. Bxc4
cxd4 9. exd4 h6 10. Bh4 Nc6 11. O-O Be7 12. Re1 Na5 13. Bd3 b6 14. Bc2 Ba6 15.
Bxf6 Bxf6 16. b4 Rc8 17. Ne4 Nc6 18. Rb1 Bc4 19. b5 Na5 20. Nxf6+ Qxf6 21. Ne5
Rfd8 22. Re3 Qh4 23. Re4 Qe7 24. Rf4 f5 25. Qh5 Bxa2 26. Rc1 Rc7 27. Qd1 Rdc8
28. Ra1 Bd5 29. Ba4 Qg5 30. g3 Qe7 31. Rf3 Bxf3 32. Qxf3 Qb4 33. d5 Rc1+ 34.
Rxc1 Rxc1+ 35. Kg2 Qe1 36. Qe3 Qf1+ 37. Kf3 Qh1+ 0-1

[Event "Tbilisi Municioality Cup 2010"]
[Site "?"]
[Date "2010.05.21"]
[Round "7.23"]
[White "Siradze, Salome"]
[Black "Javakhadze, Zurab"]
[Result "0-1"]
[WhiteElo "2039"]
[BlackElo "2335"]
[PlyCount "60"]
[EventDate "2010.??.??"]
[SourceDate "2010.05.20"]

1. d4 Nf6 2. Nf3 e6 3. c4 c5 4. d5 exd5 5. cxd5 d6 6. Nc3 g6 7. Qa4+ Bd7 8. Qb3
Na6 9. Bg5 Be7 10. e4 O-O 11. a4 Nb4 12. Bc4 Bg4 13. Bh6 Bxf3 14. gxf3 Re8 15.
Ne2 a6 16. O-O Nh5 17. f4 Bf8 18. Bxf8 Kxf8 19. Qf3 Qf6 20. Rad1 b6 21. Rd2 Ra7
22. Rfd1 Rae7 23. e5 Rxe5 24. Qh3 Re4 25. b3 Nxf4 26. Nxf4 Qxf4 27. Bf1 R8e5
28. Bg2 Re1+ 29. Bf1 Rg5+ 30. Kh1 Rxf1+ 0-1

[Event "Tbilisi Municioality Cup 2010"]
[Site "?"]
[Date "2010.05.21"]
[Round "7.25"]
[White "Purtseladze, Maka"]
[Black "Khazhomia, Salome"]
[Result "1/2-1/2"]
[WhiteElo "2317"]
[BlackElo "2136"]
[PlyCount "94"]
[EventDate "2010.??.??"]
[SourceDate "2010.05.20"]

1. Nf3 Nf6 2. c4 e6 3. g3 d5 4. b3 b6 5. Bg2 Bb7 6. O-O Be7 7. Bb2 O-O 8. e3
Nbd7 9. Nc3 Ne4 10. Ne2 Bf6 11. Qc2 c6 12. d3 Bxb2 13. Qxb2 Nef6 14. Ne5 Qc7
15. Nxd7 Qxd7 16. d4 c5 17. dxc5 bxc5 18. Rfd1 Qc7 19. Rac1 dxc4 20. Rxc4 Bxg2
21. Kxg2 Qb7+ 22. f3 Nd5 23. Kf2 Rac8 24. Rdc1 Nb4 25. Rd1 Rfd8 26. Qb1 Rxd1
27. Qxd1 Qd5 28. Nc3 Qxd1 29. Nxd1 Nxa2 30. Nb2 Nb4 31. Na4 Kf8 32. Nxc5 Rxc5
33. Rxb4 Rc2+ 34. Kg1 Rb2 35. e4 g6 36. e5 a5 37. Rb5 Ra2 38. Rb8+ Kg7 39. h4
h5 40. f4 a4 41. bxa4 Rxa4 42. Rb2 Ra3 43. Kg2 Rc3 44. Rf2 Rb3 45. Rf3 Rb2+ 46.
Kh3 Rb1 47. Rd3 Rb2 1/2-1/2

[Event "Tbilisi Municioality Cup 2010"]
[Site "?"]
[Date "2010.05.21"]
[Round "7.26"]
[White "Shengelia, Nikoloz"]
[Black "Qashashvili, Alexandre"]
[Result "1/2-1/2"]
[WhiteElo "1886"]
[BlackElo "2315"]
[PlyCount "98"]
[EventDate "2010.??.??"]
[SourceDate "2010.05.20"]

1. e4 c5 2. Nf3 d6 3. d4 cxd4 4. Nxd4 Nc6 5. Nc3 e5 6. Nb3 Nf6 7. Bg5 Be7 8.
Qd2 a5 9. Bb5 O-O 10. O-O h6 11. Bxf6 Bxf6 12. Rad1 Be7 13. a4 Be6 14. Nd5 Bg5
15. Qe2 Rc8 16. Bc4 Kh8 17. c3 Ne7 18. Na1 f5 19. Ne3 Bd7 20. Rxd6 Qc7 21. Rfd1
Bxa4 22. b3 f4 23. Ng4 Qc5 24. Be6 Rc6 25. Qd3 Qxd6 26. Qxd6 Rxd6 27. Rxd6 Bc6
28. f3 Bf6 29. Nc2 h5 30. Nf2 Nc8 31. Rd2 Nb6 32. c4 a4 33. bxa4 Ra8 34. Nb4
Rxa4 35. Nxc6 bxc6 36. c5 Nc4 37. Bxc4 Rxc4 38. Nd3 Be7 39. Nxe5 Bxc5+ 40. Kf1
Rc1+ 41. Ke2 Be3 42. Ra2 Rg1 43. Kd3 c5 44. Rc2 Rd1+ 45. Ke2 Rg1 46. Kd3 Kh7
47. Kc4 g5 48. h3 Ra1 49. Nd3 g4 1/2-1/2